Análisis elemental de estructuras
Uloženo v:
| Hlavní autoři: | , , |
|---|---|
| Médium: | Kniha |
| Jazyk: | španělština |
| Vydáno: |
Ciudad de México
McGraw-Hill
1982
|
| Vydání: | 2a. ed |
| Témata: | |
| Tagy: |
Přidat tag
Žádné tagy, Buďte první, kdo vytvoří štítek k tomuto záznamu!
|
MARC
| LEADER | 00000nam a2200000 a 4500 | ||
|---|---|---|---|
| 001 | UCV7591 | ||
| 003 | CL-VaPUC | ||
| 008 | 881129e19820000MX |||||||||||||||||spa|d | ||
| 082 | 0 | 4 | |a 624.171 |b NOR |2 21 |
| 100 | |a Norris, Charles Head |e autor |9 364516 | ||
| 700 | 0 | |a Wilbur, John Benson |e author |9 301725 | |
| 700 | 0 | |a Utku, Senol |e author |9 301726 | |
| 245 | 1 | 0 | |a Análisis elemental de estructuras |
| 250 | |a 2a. ed | ||
| 300 | |a 744 p | ||
| 942 | |c BK | ||
| 945 | |d 19881129 00:00:00 | ||
| 260 | |a Ciudad de México |b McGraw-Hill |c 1982 | ||
| 650 | 0 | |a Análisis estructural |x Ingeniería |9 262653 | |
| 583 | |a last modification |c 19881129 00:00:00 |k Rodrigo Vera | ||
| 999 | |c 213241 |d 213239 | ||
| 952 | |0 0 |1 0 |4 0 |6 624_171000000000000_NOR_1982 |7 0 |8 A |9 195434 |a BIBARQ |b BIBARQ |d 2019-11-14 |i 263483K |o 624.171 NOR 1982 |p 263483K |r 2025-01-20 |w 2019-11-14 |y BK |k ARQ | ||
| 952 | |0 0 |1 0 |4 0 |6 624_171000000000000_NOR_1982 |7 0 |8 A |9 195435 |a BIBING |b BIBING |d 2019-11-14 |i 1682709 |o 624.171 NOR 1982 |p 1682709 |r 2025-01-20 |w 2019-11-14 |y BK |k CCL | ||